000 00666nam a2200193Ia 4500
003 GCL
008 140319s9999 xx 000 0 ara d
040 _aGCL /
_cGCL
082 0 4 _a415.1
_bج ت
100 1 _aجميل عبدالله عويضة
245 1 0 _aالتعليقة على المقرب /
_cجميل عبدالله عويضة
260 _aالاردن :
_bوزارة الثقافة الاردنية ،
_c2004
300 _a660 ص ؛
_c24 سم
650 0 4 _aاللغة العربية
650 0 4 _aالبلاغة العربية
650 0 4 _aاللغة العربية - النحو
650 0 4 _aاللغة العربية - الصرف
942 _2ddc
_cBK
999 _c8395
_d8395